KRIMINOLOGICKÉ PROGNÓZOVANIE A JEHO VÝZNAM

Bibliographic Details
Main Authors: Madliak, Jozef, 1948- (Author), Roháčová, Jarmila (Author)
Format: Article
Language:Slovak
ISBN:8088751551

MARC

LEADER 00000naa a2200000uu 4500
001 vtls011074591
003 SK-MaSNL
005 20260302111350.0
008 210908|1995 xo |||||||||||||||||slo|
015 |a SNBRA 
035 |a (urnnbn)urn:nbn:sk:snk:ar-a0cddk 
035 |a (uuid)1fb7b287-a630-4bb0-8958-2a85bb18cf8c 
035 |a urn:nbn:sk:snk-aavjkl 
040 |a SNKBUCL  |b slo  |c SNKBUCL  |e AACR2 
041 0 |a slo 
044 |a xo  |c SK 
100 1 |a Madliak, Jozef,  |d 1948-  |4 aut  |9 5582 
245 1 0 |a KRIMINOLOGICKÉ PROGNÓZOVANIE A JEHO VÝZNAM  |c Jozef MADLIAK, Jarmila ROHÁČOVÁ 
700 1 |a Roháčová, Jarmila  |4 aut  |9 788712 
773 0 |t Aktuálne problémy kriminologickej prognostiky  |d Bratislava : Akadémia Policajného zboru Slovenskej republiky, 1995  |g S. 89-93  |z 8088751551 
958 |a OND 
958 |a article12 
958 |a chapter 
999 |c 1247366  |d 1249296